[Event "Sonflow Cup Kolding GM/IM 2026"]
[Site "Kolding"]
[Date "2026.04.17"]
[Round "1.1"]
[White "Kopylov, Michael"]
[Black "Chatalbashev, Boris"]
[Result "0-1"]
[WhiteElo "2343"]
[BlackElo "2535"]
[WhiteFideId "14105080"]
[BlackFideId "2900440"]
[EventDate "2026.04.17"]
[EventType "swiss"]
[EventRounds "5"]
[EventCountry "DEN"]
[SourceTitle "Live v. Springeren Kolding"]

1. d4 Nf6 2. c4 g6 3. g3 Bg7 4. Bg2 d5 5. cxd5 Nxd5 6. e4 Nb6 7. Ne2 c5 8. d5 O-O 9. O-O e6 10. Nec3 Na6 11. a4 Nb4 12. Na3 exd5 13. exd5 Bf5 14. Be3 Re8 15. Qd2 Bd3 16. Rfd1 c4 17. a5 N6xd5 18. Nxd5 Nxd5 19. Nxc4 Nxe3 20. Nxe3 Ba6 21. Nd5 Re2 22. Qf4 Be5 23. Qf3 Rxb2 24. Nb4 Bd4 25. Rxd4 Qxd4 26. Nxa6 Rxf2 27. Ra4 Rxg2+ 0-1

[Event "Sonflow Cup Kolding GM/IM 2026"]
[Site "Kolding"]
[Date "2026.04.17"]
[Round "1.2"]
[White "Pajeken, Jakob Leon"]
[Black "Ramsdal, Jens Albert"]
[Result "1-0"]
[WhiteElo "2452"]
[BlackElo "2333"]
[WhiteFideId "12942839"]
[BlackFideId "1429221"]
[EventDate "2026.04.17"]
[EventType "swiss"]
[EventRounds "5"]
[EventCountry "DEN"]
[SourceTitle "Live v. Springeren Kolding"]

1. e4 e6 2. d4 d5 3. Nc3 Nf6 4. e5 Nfd7 5. f4 c5 6. Nf3 Nc6 7. Be3 cxd4 8. Nxd4 Qb6 9. a3 Nxd4 10. Bxd4 Bc5 11. Nb5 Bxd4 12. Qxd4 Qxd4 13. Nxd4 a6 14. h4 Nb6 15. Rh3 Rb8 16. Rb3 Nd7 17. Rc3 Nb6 18. a4 Bd7 19. a5 Na8 20. Raa3 Ke7 21. Rab3 b6 22. axb6 Rxb6 23. Rxb6 Nxb6 24. Bxa6 Ra8 25. Bd3 h6 26. Rc7 Ra4 27. c3 Ra1+ 28. Kd2 Kd8 29. Rb7 Na4 30. Rb8+ Ke7 31. Ne2 Nc5 32. Bc2 Rh1 33. b4 Na6 34. Rb7 Kd8 35. Bd3 Nc7 36. Rb8+ Ke7 37. b5 Ra1 38. b6 Ra2+ 39. Kc1 Na6 40. Ra8 1-0

[Event "Sonflow Cup Kolding GM/IM 2026"]
[Site "Kolding"]
[Date "2026.04.17"]
[Round "1.3"]
[White "Jalving, August"]
[Black "Yankelevich, Lev"]
[Result "0-1"]
[WhiteElo "2307"]
[BlackElo "2451"]
[WhiteFideId "1471759"]
[BlackFideId "24684074"]
[EventDate "2026.04.17"]
[EventType "swiss"]
[EventRounds "5"]
[EventCountry "DEN"]
[SourceTitle "Live v. Springeren Kolding"]

1. e4 e5 2. Nf3 Nc6 3. Bb5 a6 4. Ba4 Nf6 5. O-O Bc5 6. c3 b5 7. Bb3 d6 8. d4 Bb6 9. a4 Bg4 10. Be3 O-O 11. Na3 exd4 12. cxd4 Na5 13. axb5 Nxb3 14. Qxb3 Nxe4 15. Nc4 Qf6 16. Nxb6 cxb6 17. Nd2 Nxd2 18. Bxd2 Be2 19. Rfe1 Bxb5 20. Qg3 Rfe8 21. Bb4 d5 22. Bd6 Rac8 23. Be5 Qg6 24. Qxg6 hxg6 25. Rec1 g5 26. h3 f6 27. Bc7 Re6 28. b3 Kf7 29. Rc3 Ke8 30. Rac1 Kd7 31. Kh2 Rh8 32. Kg3 Rhe8 33. f4 Re3+ 34. Rxe3 Rxe3+ 35. Kf2 Rxb3 36. Bxb6 Bc4 37. Bc5 gxf4 38. Re1 Rb2+ 39. Kf3 g5 40. Re7+ Kd8 41. Re6 Bf1 42. Rxf6 Rxg2 43. Rd6+ Kc8 44. Rc6+ Kb7 45. Rb6+ Kc7 46. Rg6 Rg3+ 47. Kf2 Bxh3 48. Be7 g4 49. Bd6+ Kd7 50. Rf6 Rg2+ 0-1

[Event "Sonflow Cup Kolding GM/IM 2026"]
[Site "Kolding"]
[Date "2026.04.17"]
[Round "1.4"]
[White "Kopylov, Daniel"]
[Black "Hoi, Carsten"]
[Result "1-0"]
[WhiteElo "2434"]
[BlackElo "2285"]
[WhiteFideId "12921971"]
[BlackFideId "1400100"]
[EventDate "2026.04.17"]
[EventType "swiss"]
[EventRounds "5"]
[EventCountry "DEN"]
[SourceTitle "Live v. Springeren Kolding"]

1. e4 e5 2. Nf3 Nc6 3. Bb5 a6 4. Ba4 d6 5. O-O Nf6 6. Re1 Bd7 7. Bxc6 Bxc6 8. d4 Qe7 9. Nc3 O-O-O 10. b4 h6 11. a4 Bd7 12. b5 a5 13. b6 c6 14. Qd2 Bg4 15. Ne2 Nxe4 16. Qxa5 Kd7 17. dxe5 d5 18. Ba3 Qxa3 19. e6+ Kxe6 20. Nf4+ Kf5 21. Rxa3 Bxa3 22. Rxe4 Bxf3 23. gxf3 Ra8 24. Qe1 Bd6 25. Nh5 Kg6 26. Ng3 1-0

[Event "Sonflow Cup Kolding GM/IM 2026"]
[Site "Kolding"]
[Date "2026.04.17"]
[Round "1.5"]
[White "Fries Nielsen, Jens Ove"]
[Black "Arndt, Magnus"]
[Result "1-0"]
[WhiteElo "2284"]
[BlackElo "2358"]
[WhiteFideId "1400142"]
[BlackFideId "12998656"]
[EventDate "2026.04.17"]
[EventType "swiss"]
[EventRounds "5"]
[EventCountry "DEN"]
[SourceTitle "Live v. Springeren Kolding"]

1. Nf3 d5 2. e3 Nf6 3. b4 e5 4. Nxe5 Bxb4 5. Bb2 O-O 6. Be2 Nbd7 7. O-O Nxe5 8. Bxe5 Re8 9. Bb2 a5 10. d3 a4 11. a3 Bd6 12. Nd2 b5 13. c4 c6 14. cxb5 cxb5 15. Nf3 Bd7 16. Qd2 Qe7 17. Bc3 Reb8 18. Rfb1 Ne8 19. Nd4 Nc7 20. Bf3 Qg5 21. Qa2 h5 22. Rc1 Bg4 23. Bxg4 hxg4 24. Nc6 Qh5 25. g3 Re8 26. Bb4 Bxb4 27. Nxb4 Ne6 28. Qxd5 Ng5 29. h4 gxh3 30. f4 Qe2 31. fxg5 Rad8 32. Qa2 Qxe3+ 33. Qf2 h2+ 34. Kg2 Qxg5 35. Re1 Qh5 36. Kh1 Qg4 37. Kxh2 Re6 38. Rxe6 Qxe6 39. d4 Qc4 40. d5 Rd6 41. Re1 Rf6 42. Qe3 Rg6 43. Kg2 Rg4 44. Qe8+ Kh7 45. Qxf7 1-0

[Event "Sonflow Cup Kolding GM/IM 2026"]
[Site "Kolding"]
[Date "2026.04.17"]
[Round "1.6"]
[White "Skytte, Rasmus"]
[Black "Matthiesen, Martin"]
[Result "1/2-1/2"]
[WhiteElo "2350"]
[BlackElo "2275"]
[WhiteFideId "1404210"]
[BlackFideId "1404067"]
[EventDate "2026.04.17"]
[EventType "swiss"]
[EventRounds "5"]
[EventCountry "DEN"]
[SourceTitle "Live v. Springeren Kolding"]

1. d4 d5 2. c4 e6 3. Nc3 Nf6 4. Bg5 Be7 5. e3 h6 6. Bxf6 Bxf6 7. Nf3 dxc4 8. Bxc4 Nd7 9. O-O O-O 10. e4 c5 11. e5 Be7 12. Qe2 cxd4 13. Nb5 Nc5 14. Rfd1 Qb6 15. Rxd4 Bd7 16. b4 Bxb5 17. Bxb5 Na6 18. Bd3 Rfd8 19. Qe4 g6 20. a3 Nc7 21. Rc1 Rxd4 22. Qxd4 Qxd4 23. Nxd4 Nd5 24. Be4 Rd8 25. Ne2 a5 26. bxa5 Bxa3 27. Rd1 Bb4 28. Nf4 Bxa5 29. Nxd5 exd5 30. Bxd5 Kg7 31. f4 1/2-1/2

[Event "Sonflow Cup Kolding GM/IM 2026"]
[Site "Kolding"]
[Date "2026.04.18"]
[Round "2.1"]
[White "Chatalbashev, Boris"]
[Black "Kopylov, Daniel"]
[Result "1-0"]
[WhiteElo "2535"]
[BlackElo "2434"]
[WhiteFideId "2900440"]
[BlackFideId "12921971"]
[EventDate "2026.04.17"]
[EventType "swiss"]
[EventRounds "5"]
[EventCountry "DEN"]
[SourceTitle "Live v. Springeren Kolding"]

1. Nf3 d5 2. g3 Nf6 3. Bg2 e6 4. d4 Be7 5. c4 O-O 6. O-O c6 7. Nc3 a5 8. Bf4 Nh5 9. Bxb8 Rxb8 10. c5 Nf6 11. Rc1 Nd7 12. Na4 Qc7 13. Qd2 Bf6 14. Rfe1 e5 15. e4 dxe4 16. Rxe4 Rd8 17. g4 g6 18. Rce1 exd4 19. Nb6 Nxb6 20. cxb6 Qd6 21. Re8+ Rxe8 22. Rxe8+ Kg7 23. g5 Bd8 24. Nxd4 Qd7 25. Qc3 f6 26. Ne6+ Qxe6 27. Rxd8 1-0

[Event "Sonflow Cup Kolding GM/IM 2026"]
[Site "Kolding"]
[Date "2026.04.18"]
[Round "2.2"]
[White "Yankelevich, Lev"]
[Black "Pajeken, Jakob Leon"]
[Result "0-1"]
[WhiteElo "2451"]
[BlackElo "2452"]
[WhiteFideId "24684074"]
[BlackFideId "12942839"]
[EventDate "2026.04.17"]
[EventType "swiss"]
[EventRounds "5"]
[EventCountry "DEN"]
[SourceTitle "Live v. Springeren Kolding"]

1. d4 Nf6 2. c4 e6 3. Nc3 Bb4 4. Qc2 O-O 5. a3 Bxc3+ 6. Qxc3 d5 7. Nf3 dxc4 8. Qxc4 b6 9. Bg5 Bb7 10. e3 Nbd7 11. Rd1 h6 12. Bh4 Bd5 13. Qa4 c5 14. Be2 a6 15. dxc5 Nxc5 16. Qd4 g5 17. Nxg5 hxg5 18. Bxg5 Nce4 19. Bh4 Bb3 20. Qxd8 Rfxd8 21. Rxd8+ Rxd8 22. f3 Rd2 23. fxe4 Rxb2 24. O-O Nxe4 25. Bxa6 Bd5 26. Rc1 b5 27. h3 Nd6 28. Bf2 Ra2 29. Rb1 Bc6 30. Rb3 Ne4 31. Bh4 Ra1+ 32. Kh2 Nd2 33. Rc3 Nf1+ 34. Kg1 Nxe3+ 35. Kh2 Nf1+ 36. Kg1 Ne3+ 37. Kh2 Nc4 38. Be7 f5 39. Bf6 Ra2 40. Rg3+ Kf7 41. Bd4 e5 42. Bc5 Nd2 43. Rd3 Nf3+ 44. Kg3 f4+ 45. Kg4 Rxg2+ 46. Kh5 Rg5+ 47. Kh6 Rg8 48. Kh5 Rh8+ 49. Kg4 Rh4+ 0-1

[Event "Sonflow Cup Kolding GM/IM 2026"]
[Site "Kolding"]
[Date "2026.04.18"]
[Round "2.3"]
[White "Matthiesen, Martin"]
[Black "Fries Nielsen, Jens Ove"]
[Result "1-0"]
[WhiteElo "2275"]
[BlackElo "2284"]
[WhiteFideId "1404067"]
[BlackFideId "1400142"]
[EventDate "2026.04.17"]
[EventType "swiss"]
[EventRounds "5"]
[EventCountry "DEN"]
[SourceTitle "Live v. Springeren Kolding"]

1. d4 g6 2. c4 Bg7 3. e4 e6 4. Nc3 Ne7 5. Nf3 d6 6. Be3 Nd7 7. Be2 a6 8. O-O h6 9. d5 e5 10. Nd2 f5 11. f3 O-O 12. b4 a5 13. bxa5 c5 14. dxc6 bxc6 15. Nb3 Qc7 16. Qd2 f4 17. Bf2 Rf6 18. Rfd1 Kh7 19. Rab1 g5 20. c5 dxc5 21. Nxc5 Nf8 22. a6 g4 23. Qd8 Qxd8 24. Rxd8 gxf3 25. Bxf3 Nfg6 26. N3a4 Rf8 27. Rxf8 Bxf8 28. Nb6 Ra7 29. Nxc8 Nxc8 30. Rb7+ 1-0

[Event "Sonflow Cup Kolding GM/IM 2026"]
[Site "Kolding"]
[Date "2026.04.18"]
[Round "2.4"]
[White "Arndt, Magnus"]
[Black "Skytte, Rasmus"]
[Result "0-1"]
[WhiteElo "2358"]
[BlackElo "2350"]
[WhiteFideId "12998656"]
[BlackFideId "1404210"]
[EventDate "2026.04.17"]
[EventType "swiss"]
[EventRounds "5"]
[EventCountry "DEN"]
[SourceTitle "Live v. Springeren Kolding"]

1. e4 c5 2. Nf3 e6 3. b3 Nc6 4. Bb2 a6 5. c4 Qc7 6. g3 Nf6 7. e5 Ng4 8. Qe2 Be7 9. Bh3 h5 10. Bg2 b6 11. h3 Nh6 12. Nc3 Bb7 13. Ne4 Nf5 14. O-O-O b5 15. d3 a5 16. cxb5 Ncd4 17. Nxd4 Nxd4 18. Bxd4 cxd4+ 19. Kb1 Qxe5 20. Nf6+ Qxf6 21. Bxb7 Rb8 22. Ba6 a4 23. Rc1 axb3 24. axb3 Bb4 25. Rc4 Bc3 26. h4 O-O 27. f4 d5 28. Rc6 Qe7 29. Qa2 Rfd8 30. Rh2 e5 31. fxe5 Qxe5 32. Qe2 Qxg3 33. Rg2 Qxh4 34. Rh2 Qg4 35. Qxg4 hxg4 36. b6 g3 37. Re2 Re8 38. Rg2 Be1 39. b7 Bf2 40. Rc7 f5 41. Bb5 Red8 42. Bd7 f4 43. Bg4 Kf8 44. Kc2 Be1 45. Be6 Bf2 46. Bg4 Re8 47. Kd2 Be1+ 48. Kd1 Ba5 49. Rd7 Red8 50. Rxd8+ Bxd8 51. Bc8 g5 52. Ke2 g4 53. Bxg4 Rxb7 54. Kf3 Rxb3 55. Kxf4 Bc7+ 56. Kf5 Rxd3 57. Ke6 Re3+ 58. Kxd5 d3 59. Kd4 Bb6+ 60. Kc3 Ke7 61. Bf5 Ba5+ 62. Kd4 d2 63. Bg4 Bb6+ 64. Kd5 Rd3+ 65. Kc6 Bf2 66. Bd1 Rc3+ 0-1

[Event "Sonflow Cup Kolding GM/IM 2026"]
[Site "Kolding"]
[Date "2026.04.18"]
[Round "2.5"]
[White "Hoi, Carsten"]
[Black "Kopylov, Michael"]
[Result "0-1"]
[WhiteElo "2285"]
[BlackElo "2343"]
[WhiteFideId "1400100"]
[BlackFideId "14105080"]
[EventDate "2026.04.17"]
[EventType "swiss"]
[EventRounds "5"]
[EventCountry "DEN"]
[SourceTitle "Live v. Springeren Kolding"]

1. Nf3 Nf6 2. c4 g6 3. Nc3 Bg7 4. d4 c5 5. e3 O-O 6. Be2 cxd4 7. exd4 d5 8. O-O dxc4 9. Bxc4 Nc6 10. h3 b6 11. Be3 Bb7 12. Qe2 Rc8 13. Rac1 Nb4 14. Ne5 Nfd5 15. a3 Nxc3 16. bxc3 Nd5 17. Bd2 Qd6 18. f4 Rc7 19. f5 Bxe5 20. dxe5 Qc5+ 21. Kh1 Qxc4 22. Qf2 Qd3 23. c4 Rxc4 24. Rxc4 Qxc4 25. Bh6 Qe4 26. fxg6 Qxg6 27. Bxf8 Kxf8 28. Kh2 Ne3 29. Rg1 Nxg2 30. Qd4 Qg5 31. Qd8+ Kg7 32. Qd4 e6 33. h4 Qg6 34. Qd8 Qf5 35. Qd4 h5 36. a4 Bd5 37. Rc1 Qf3 38. Rg1 Kh7 39. Qd2 Ne3 0-1

[Event "Sonflow Cup Kolding GM/IM 2026"]
[Site "Kolding"]
[Date "2026.04.18"]
[Round "2.6"]
[White "Ramsdal, Jens Albert"]
[Black "Jalving, August"]
[Result "1-0"]
[WhiteElo "2333"]
[BlackElo "2307"]
[WhiteFideId "1429221"]
[BlackFideId "1471759"]
[EventDate "2026.04.17"]
[EventType "swiss"]
[EventRounds "5"]
[EventCountry "DEN"]
[SourceTitle "Live v. Springeren Kolding"]

1. d4 Nf6 2. c4 c6 3. Nc3 d5 4. e3 Bf5 5. f3 e6 6. g4 Bg6 7. h4 h5 8. g5 Nfd7 9. Nge2 Bd6 10. e4 dxe4 11. Nxe4 Bxe4 12. fxe4 e5 13. d5 Bc5 14. Qb3 Qb6 15. Qxb6 Nxb6 16. b3 N8d7 17. Bh3 Ke7 18. Bb2 g6 19. O-O-O Rhd8 20. Rhf1 a5 21. a4 Bd6 22. dxc6 bxc6 23. Rxd6 Kxd6 24. c5+ Nxc5 25. Ba3 Nd7 26. Bxd7 Kxd7 27. Bxc5 Ke8 28. Kc2 Rd7 29. Ng1 Rad8 30. Nf3 Rd3 31. Rf2 1-0

[Event "Sonflow Cup Kolding GM/IM 2026"]
[Site "Kolding"]
[Date "2026.04.18"]
[Round "3.1"]
[White "Pajeken, Jakob Leon"]
[Black "Chatalbashev, Boris"]
[Result "1/2-1/2"]
[WhiteElo "2452"]
[BlackElo "2535"]
[WhiteFideId "12942839"]
[BlackFideId "2900440"]
[EventDate "2026.04.17"]
[EventType "swiss"]
[EventRounds "5"]
[EventCountry "DEN"]
[SourceTitle "Live v. Springeren Kolding"]

1. e4 c5 2. Nf3 d6 3. Bb5+ Bd7 4. Bxd7+ Qxd7 5. c4 Nc6 6. Nc3 g6 7. d4 cxd4 8. Nxd4 Bg7 9. Be3 Nf6 10. f3 O-O 11. O-O a6 12. Qd3 Ne5 13. Qe2 Rfc8 14. b3 b5 15. Nd5 Rab8 16. Nxf6+ Bxf6 17. cxb5 axb5 18. Rac1 b4 19. Qd2 Nc6 20. Ne2 Ra8 21. Rc2 Ra6 22. Nf4 e6 23. Rd1 Qb7 24. Qf2 Rd8 25. Rcd2 Qa8 26. Qe2 Bc3 27. Rc2 Qb7 28. Qf2 Qa8 29. a4 Na5 30. Ne2 Be5 31. Bb6 Rb8 32. Bxa5 1/2-1/2

[Event "Sonflow Cup Kolding GM/IM 2026"]
[Site "Kolding"]
[Date "2026.04.18"]
[Round "3.2"]
[White "Skytte, Rasmus"]
[Black "Yankelevich, Lev"]
[Result "1/2-1/2"]
[WhiteElo "2350"]
[BlackElo "2451"]
[WhiteFideId "1404210"]
[BlackFideId "24684074"]
[EventDate "2026.04.17"]
[EventType "swiss"]
[EventRounds "5"]
[EventCountry "DEN"]
[SourceTitle "Live v. Springeren Kolding"]

1. e4 e5 2. Nc3 Nc6 3. g3 Bb4 4. Nd5 Nf6 5. Bg2 O-O 6. c3 Bc5 7. Ne2 Nxd5 8. exd5 Ne7 9. O-O d6 10. d4 Bb6 11. dxe5 dxe5 12. b3 Qd6 13. a4 a5 14. Bb2 h5 15. c4 h4 16. Nc3 hxg3 17. hxg3 Qg6 18. Ne4 Bf5 19. c5 Bxe4 20. Bxe4 Qxe4 21. cxb6 c6 22. dxc6 Nxc6 23. Qd7 Rab8 24. Rfe1 Qf3 25. Bxe5 Rbd8 26. Qh3 Rd5 27. Re3 Rd1+ 28. Rxd1 Qxd1+ 29. Qf1 Qh5 30. Bc3 Rd8 31. Rd3 1/2-1/2

[Event "Sonflow Cup Kolding GM/IM 2026"]
[Site "Kolding"]
[Date "2026.04.18"]
[Round "3.3"]
[White "Kopylov, Daniel"]
[Black "Matthiesen, Martin"]
[Result "1-0"]
[WhiteElo "2434"]
[BlackElo "2275"]
[WhiteFideId "12921971"]
[BlackFideId "1404067"]
[EventDate "2026.04.17"]
[EventType "swiss"]
[EventRounds "5"]
[EventCountry "DEN"]
[SourceTitle "Live v. Springeren Kolding"]

1. e4 e5 2. Nf3 Nc6 3. Bb5 a6 4. Ba4 Nf6 5. O-O Be7 6. Re1 b5 7. Bb3 O-O 8. a4 b4 9. d4 d6 10. dxe5 Nxe5 11. Nxe5 dxe5 12. Qxd8 Rxd8 13. Nd2 Bc5 14. Nf3 Ng4 15. Be3 Nxe3 16. fxe3 Re8 17. Ng5 Be6 18. Bxe6 fxe6 19. Rad1 Bd6 20. Kf2 b3 21. c3 Rab8 22. Ke2 Rb6 23. Nf3 Rc6 24. Nd2 Rb8 25. Rf1 h6 26. Ra1 a5 27. Rf2 Be7 28. Nf3 Bd6 29. g4 Rc4 30. Nd2 Rc6 31. h4 Be7 32. Nf3 Bd6 33. g5 h5 34. Nd2 Rd8 35. Raf1 Bf8 36. Rd1 Rb8 37. g6 Be7 38. Rf7 Bf6 39. Nf1 Bxh4 40. Rdd7 Bf6 41. Ng3 Rxc3 42. Nxh5 Rc2+ 43. Kf3 Rxb2 44. Rxg7+ Bxg7 45. Rxg7+ Kf8 46. Rf7+ Ke8 47. Nf6+ Kd8 48. g7 1-0

[Event "Sonflow Cup Kolding GM/IM 2026"]
[Site "Kolding"]
[Date "2026.04.18"]
[Round "3.4"]
[White "Fries Nielsen, Jens Ove"]
[Black "Ramsdal, Jens Albert"]
[Result "1-0"]
[WhiteElo "2284"]
[BlackElo "2333"]
[WhiteFideId "1400142"]
[BlackFideId "1429221"]
[EventDate "2026.04.17"]
[EventType "swiss"]
[EventRounds "5"]
[EventCountry "DEN"]
[SourceTitle "Live v. Springeren Kolding"]

1. e4 e6 2. Nc3 d5 3. d3 Nf6 4. Qe2 Bb4 5. e5 Nfd7 6. Qg4 Bxc3+ 7. bxc3 Kf8 8. Nf3 c5 9. h4 Nc6 10. Qg3 Qa5 11. Bd2 Qa4 12. h5 Ne7 13. h6 g6 14. Rc1 b5 15. Rh4 Qa5 16. Rf4 Ba6 17. Ng5 Nf5 18. Rxf5 exf5 19. e6 Ke7 20. exd7 Kxd7 21. Nxf7 Rhe8+ 22. Be2 Qb6 23. Ne5+ Kc8 24. f4 Bb7 25. Qf2 c4 26. Qd4 Kc7 27. Be3 Re6 28. Rb1 Qxd4 29. Bxd4 Bc6 30. Bf3 g5 31. fxg5 Rg8 32. Kf2 Rxg5 33. Nxc6 Kxc6 34. dxc4 bxc4 35. Bxa7 f4 36. Bd4 Kc7 37. a4 Rxh6 38. a5 Ra6 39. Bb6+ Kd6 40. Rh1 1-0

[Event "Sonflow Cup Kolding GM/IM 2026"]
[Site "Kolding"]
[Date "2026.04.18"]
[Round "3.5"]
[White "Kopylov, Michael"]
[Black "Arndt, Magnus"]
[Result "1/2-1/2"]
[WhiteElo "2343"]
[BlackElo "2358"]
[WhiteFideId "14105080"]
[BlackFideId "12998656"]
[EventDate "2026.04.17"]
[EventType "swiss"]
[EventRounds "5"]
[EventCountry "DEN"]
[SourceTitle "Live v. Springeren Kolding"]

1. Nf3 d5 2. c4 e6 3. g3 Nf6 4. Bg2 Be7 5. O-O O-O 6. d4 dxc4 7. Ne5 c5 8. dxc5 Qc7 9. Nxc4 Qxc5 10. b3 Rd8 11. Nbd2 Qh5 12. e4 Qxd1 13. Rxd1 Nc6 14. Bb2 b5 15. e5 Nd5 16. Nd6 Bxd6 17. exd6 Rxd6 18. Rac1 Nce7 19. Ba3 Rd7 20. Ne4 Rb8 21. Bd6 Ra8 22. Bxe7 Rxe7 23. Nd6 Bd7 24. Bxd5 exd5 25. Rxd5 a6 26. Nc8 Re8 27. Rxd7 Raxc8 28. Rxc8 Rxc8 29. Ra7 g6 30. Rxa6 Rc2 31. b4 h5 32. h4 Kg7 33. a3 Rc3 34. Kf1 f6 35. Ra5 Kh6 36. Ke2 g5 37. hxg5+ fxg5 38. Rxb5 Rxa3 39. Rb6+ Kg7 40. b5 Rb3 41. Rb7+ Kf6 42. b6 h4 43. gxh4 gxh4 44. Kf1 Ke5 45. Rb8 Kd5 46. b7 Kc6 47. Kg1 h3 48. Rg8 Rxb7 49. Kh2 Kd6 50. Kxh3 Ke6 51. Rf8 Rg7 52. Kh4 Rg2 53. Kh5 Ke7 1/2-1/2

[Event "Sonflow Cup Kolding GM/IM 2026"]
[Site "Kolding"]
[Date "2026.04.18"]
[Round "3.6"]
[White "Jalving, August"]
[Black "Hoi, Carsten"]
[Result "1-0"]
[WhiteElo "2307"]
[BlackElo "2285"]
[WhiteFideId "1471759"]
[BlackFideId "1400100"]
[EventDate "2026.04.17"]
[EventType "swiss"]
[EventRounds "5"]
[EventCountry "DEN"]
[SourceTitle "Live v. Springeren Kolding"]

1. e4 g6 2. d4 Bg7 3. Nc3 d6 4. Be3 c6 5. Qd2 b5 6. f3 Nd7 7. g4 Nb6 8. h4 h5 9. gxh5 Rxh5 10. O-O-O Nf6 11. b3 a5 12. Nge2 a4 13. Ng3 axb3 14. cxb3 Rh8 15. Bd3 Qc7 16. h5 Nxh5 17. Nxh5 gxh5 18. Qg2 Bf8 19. Kb1 b4 20. Ne2 h4 21. f4 h3 22. Qg3 d5 23. e5 Qa7 24. Nc1 Ba6 25. Bxa6 Qxa6 26. Rxh3 Rxh3 27. Qxh3 Nc4 28. e6 Na3+ 29. Kb2 fxe6 30. Qxe6 c5 31. Qxa6 Rxa6 32. Nd3 Re6 33. Ne5 c4 34. Bd2 c3+ 35. Bxc3 bxc3+ 36. Kxa3 c2 37. Rc1 Ra6+ 38. Kb2 1-0

[Event "Sonflow Cup Kolding GM/IM 2026"]
[Site "Kolding"]
[Date "2026.04.19"]
[Round "4.1"]
[White "Chatalbashev, Boris"]
[Black "Skytte, Rasmus"]
[Result "1-0"]
[WhiteElo "2535"]
[BlackElo "2350"]
[WhiteFideId "2900440"]
[BlackFideId "1404210"]
[EventDate "2026.04.17"]
[EventType "swiss"]
[EventRounds "5"]
[EventCountry "DEN"]
[SourceTitle "Live v. Springeren Kolding"]

1. Nf3 d5 2. g3 c6 3. Bg2 g6 4. c4 Bg7 5. Qa4 d4 6. d3 e5 7. O-O Ne7 8. b4 O-O 9. Nbd2 Nd7 10. Ba3 Qc7 11. Rab1 Rd8 12. Rb2 Nf5 13. Rfb1 Rb8 14. b5 Nb6 15. Qa5 Bd7 16. Ne4 cxb5 17. cxb5 Nd5 18. b6 Nxb6 19. g4 Nh6 20. Bd6 Qc8 21. Qxa7 Na4 22. Qxb8 Qxb8 23. Bxb8 Nxb2 24. Bxe5 Na4 25. Nf6+ Bxf6 26. Bxf6 Re8 27. Bxd4 b5 28. Ne5 Bxg4 29. Nxg4 Nxg4 30. Rxb5 1-0

[Event "Sonflow Cup Kolding GM/IM 2026"]
[Site "Kolding"]
[Date "2026.04.19"]
[Round "4.2"]
[White "Fries Nielsen, Jens Ove"]
[Black "Pajeken, Jakob Leon"]
[Result "0-1"]
[WhiteElo "2284"]
[BlackElo "2452"]
[WhiteFideId "1400142"]
[BlackFideId "12942839"]
[EventDate "2026.04.17"]
[EventType "swiss"]
[EventRounds "5"]
[EventCountry "DEN"]
[SourceTitle "Live v. Springeren Kolding"]

1. d4 Nf6 2. Nc3 d5 3. e3 g6 4. h3 Bg7 5. g4 h5 6. g5 Ne4 7. Nf3 O-O 8. Nxe4 dxe4 9. Nd2 e5 10. Nxe4 exd4 11. Nf6+ Bxf6 12. gxf6 Re8 13. Rg1 Qxf6 14. Qxh5 Bf5 15. Bd3 Bxd3 16. cxd3 Nc6 17. e4 Ne5 18. Ke2 Qa6 19. Rg3 Nxd3 0-1

[Event "Sonflow Cup Kolding GM/IM 2026"]
[Site "Kolding"]
[Date "2026.04.19"]
[Round "4.3"]
[White "Yankelevich, Lev"]
[Black "Kopylov, Daniel"]
[Result "1/2-1/2"]
[WhiteElo "2451"]
[BlackElo "2434"]
[WhiteFideId "24684074"]
[BlackFideId "12921971"]
[EventDate "2026.04.17"]
[EventType "swiss"]
[EventRounds "5"]
[EventCountry "DEN"]
[SourceTitle "Live v. Springeren Kolding"]

1. d4 Nf6 2. Nf3 d5 3. c4 e6 4. g3 Bb4+ 5. Bd2 Be7 6. Bg2 O-O 7. O-O c6 8. Qc2 Nbd7 9. Bf4 a5 10. h4 a4 11. Nbd2 b5 12. c5 Nh5 13. Ng5 Ndf6 14. Bd6 Bxd6 15. cxd6 h6 16. Ngf3 Qxd6 17. Ne5 Bb7 18. Bf3 Rac8 19. Qc5 Qxc5 20. dxc5 Rc7 21. b4 g5 22. hxg5 hxg5 23. Kg2 Ng7 24. Rh1 Nf5 25. Bg4 Kg7 26. Bxf5 exf5 27. Nef3 Re8 28. Nd4 Bc8 29. Rh2 Bd7 30. Rah1 Rcc8 31. N2f3 g4 32. Ne1 f4 33. gxf4 Re4 34. e3 Rxd4 35. exd4 Bf5 36. f3 Re8 37. Kf1 Re3 38. Re2 Rc3 39. Re5 Bb1 40. Rg5+ Kf8 41. Rh8+ Ke7 42. Re5+ Kd7 43. f5 gxf3 44. Rf8 Ng4 45. Rxf7+ Kd8 46. Rf8+ Kd7 47. Rfe8 Nxe5 48. Rxe5 Ra3 49. f6 Bg6 50. Re7+ Kd8 51. Rg7 Bh5 52. Rh7 Bg6 53. Rg7 Bh5 54. Rh7 Bg6 55. Rg7 1/2-1/2

[Event "Sonflow Cup Kolding GM/IM 2026"]
[Site "Kolding"]
[Date "2026.04.19"]
[Round "4.4"]
[White "Matthiesen, Martin"]
[Black "Kopylov, Michael"]
[Result "1/2-1/2"]
[WhiteElo "2275"]
[BlackElo "2343"]
[WhiteFideId "1404067"]
[BlackFideId "14105080"]
[EventDate "2026.04.17"]
[EventType "swiss"]
[EventRounds "5"]
[EventCountry "DEN"]
[SourceTitle "Live v. Springeren Kolding"]

1. d4 Nf6 2. c4 c5 3. d5 b5 4. cxb5 a6 5. bxa6 g6 6. Nc3 Bxa6 7. Nf3 Bg7 8. g3 d6 9. Bg2 Nfd7 10. O-O Nb6 11. Qc2 N8d7 12. Nd2 O-O 13. b3 Bxe2 14. Re1 Ba6 15. Nf3 Nf6 16. Bb2 Bb7 17. Rad1 Bxd5 18. Nxd5 Nbxd5 19. a3 Ra7 20. Ng5 Nc7 21. Qc4 h6 22. Nh3 Qd7 23. Nf4 g5 24. Bxf6 Bxf6 25. Nh5 Ne8 26. b4 cxb4 27. axb4 Rc7 28. Qa6 Bc3 29. Re4 e6 30. Rc4 d5 31. Rxc7 Nxc7 32. Qb7 Qc8 33. Qb6 Qb8 34. Qc6 Be5 35. f4 Bb2 36. f5 Qxb4 37. Qxc7 Qg4 38. Re1 Qxf5 39. Qb6 Bc3 40. Rd1 Qg4 41. Rd3 Bh8 42. Bf3 Qf5 43. Be2 Qe4 44. Qf2 Ra8 45. Rd1 Ra2 46. Bd3 Qg4 47. Rb1 Ra1 48. Bh7+ Kf8 49. Qc5+ Ke8 50. Qc8+ Ke7 51. Qc7+ Ke8 52. Qc8+ 1/2-1/2